Normal view
MARC view
- Gell-Mann, Murray.
Entry Personal Name
001 - CONTROL NUMBER
- control field: 8884
003 - CONTROL NUMBER IDENTIFIER
- control field: NUST
005 - DATE AND TIME OF LATEST TRANSACTION
- control field: 20180118154132.0
008 - FIXED-LENGTH DATA ELEMENTS
- fixed length control field: 180118|| aca||aabn | a|a d
040 ## - CATALOGING SOURCE
- Original cataloging agency: NUST
- Transcribing agency: NUST
100 ## - HEADING--PERSONAL NAME
- Personal name: Gell-Mann, Murray.
670 ## - SOURCE DATA FOUND
- Source citation: Work cat.: (NUST)28990: Gell-Mann, Murray., The quark and the jaguar :, 1994.
